| 000 | 01904nam a2200229 4500 | ||
|---|---|---|---|
| 001 | 0000010724 | ||
| 005 | 20250329165437.0 | ||
| 008 | 180403s2018 000 0 eng d | ||
| 040 |
_aCO-CtgCURN _bspa _ccoctgcurn |
||
| 082 | 0 |
_aEST 2018 _bP123 |
|
| 100 | 1 | _aPadilla Ospino, Angie Carolina. | |
| 245 | 1 | 0 |
_aMelanoma subungueal - reporte de un caso y revisión bibliográfica. / _cAngie Carolina Padilla Ospino; Sandra Viviana Cáceres Matta; Lenin Rafael Torres Osorio. |
| 260 |
_aCartagena de Indias : _bCorporación Universitaria Rafael Nuñez, _c2018. |
||
| 504 | _aTrabajo de grado (Estetica y Cosmetologia). Corporación Universitaria Rafael Nuñez. Facultad de Ciencias de la Salud. Estetica y Cosmetologia, 2018. | ||
| 520 | _aEl melanoma subungueal es un subtipo raro de melanoma cutáneo que surge de las estructuras del aparato de uñas. El melanoma subungueal, es raro, representa aproximadamente el 1, de los tumores malignos melanomas. La supervivencia general de 5 años es desproporcionadamente pobre entre un 25, a un 51,, en comparación con otros subtipos histológicos. Esto se ha atribuido al diagnóstico tardío, debido a la presentación clínica. Reportamos un caso clínico, desafiante para el diagnóstico. Con frecuencia es infra diagnosticado clínicamente, con el consiguiente retraso en el diagnóstico histopatológico y en el tratamiento, por lo que su pronóstico se ve a menudo ensombrecido por todo ello. | ||
| 650 | 0 |
_aEstética y cosmetología _vTesis y disertaciones academicas. |
|
| 700 | 1 | _aCáceres Matta, Sandra Viviana. | |
| 700 | 1 | _aTorres Osorio, Lenin Rafael. | |
| 856 |
_uhttps://unicurn.sharepoint.com/:b:/s/biblioteca/EcImWMSoz-ZPmrL6lU-OyeQBh-sBy7EPznNqcNIA35OHWQ?e=Iwat6f _zClick aqui para ver el recurso en texto completo |
||
| 942 |
_2ddc _cTG _hEST 2018 _iP123 |
||
| 999 |
_c4199 _d4199 |
||